000 00433nam a2200181Ia 4500
001 12885
005 20260306163013.0
008 260306t1953||||xx |||||||||||||| ||spa||
041 _aESP
082 _aRD 435
_bL22
100 _aKlatt, E.
_eAUT
245 0 _aDictionary German - English; English - German
260 _c1953
300 _a526 páginas :
_c16 cm.
650 _aGEN
654 _aCHU
942 _cLIB
_dJUS
_fJUS
_2ddc
_n
999 _c12885
_d12885